COBOL estructurado

Saved in:
Bibliografiske detaljer
Main Authors: Philippakis, Andreas S (Author), Kazmier, Leonard J (Author)
Format: Bog
Sprog:spansk
Udgivet: Bogotá McGraw Hill 1987
Udgivelse:3a. ed
Fag:
Tags: Tilføj Tag
Ingen Tags, Vær først til at tagge denne postø!

MARC

LEADER 00000nam a2200000 a 4500
001 UCR9455
003 CL-VaPUC
008 980613e19870000CK |||||||||||||||||spa|d
082 0 4 |a 005.133  |b PHI  |2 21 
100 0 |a Philippakis, Andreas S  |e author  |9 412025 
700 |a Kazmier, Leonard J  |e author  |9 412026 
245 1 0 |a COBOL estructurado 
250 |a 3a. ed 
300 |a 503 p 
942 |c BK 
945 |d 19980613 00:00:00  |a crobeson 
260 |a Bogotá  |b McGraw Hill  |c 1987 
600 0 7 |a COBOL  |2 CL-VaPUC  |9 412027 
650 7 |a LENGUAJE ORIENTADO A PROCEDIMIENTOS  |2 CL-VaPUC  |9 334297 
650 0 |a Lenguajes de programación   |9 259458 
583 |a last modification  |c 19980613 00:00:00  |k Rodrigo Vera 
999 |c 270649  |d 270647 
952 |0 0  |1 0  |4 0  |6 005_133000000000000_PHI_1987  |7 0  |8 A  |9 305014  |a BIBGIM  |b BIBGIM  |d 2019-11-20  |i 1413562  |o 005.133 PHI 1987  |p 1413562  |r 2025-01-15  |w 2019-11-20  |y BK  |k COM 
952 |0 0  |1 0  |4 0  |6 005_133000000000000_PHI_1987  |7 0  |8 A  |9 305015  |a BIBGIM  |b BIBGIM  |d 2019-11-20  |i 1413570  |o 005.133 PHI 1987  |p 1413570  |r 2025-01-15  |w 2019-11-20  |y BK  |k COM